00815cam a22002777a 4500003000500000005001700005008004100022010001100063011001100074020001800085035001100103040000900114082002300123110000800146245012500154260002300279300003300302490004500335650002800380650002800408650001100436650001400447650001500461700001600476830004500492CHAP20220817044415.0101206s2009 it a rn 00010 spa d a100066 a101038 a9789253061624 a111724 cCHAP04a338.174772bF3 v.42 aFAO13aLa certificación en la cadena de valor de las frutas frescas :bel ejemplo de la industria del bananoc/por Pascal Liu aRoma :bFAO,c2009 ax, 110 p. :bgráfs, tablas 0aEstudios FAO de productos básicosv; 414aCalidadxControl de la.14aComercio internacional.14aFruta.14aMercados.14aPlátano.1 aLiu, Pascal00aEstudios FAO de productos básicosv; 4